Catálogo público

Manejo de ganado bovino de doble propósito en el trópico / (Record no. 169450)

MARC details
000 -CABECERA
campo de control de longitud fija 01235nam a2200373Ia 4500
001 - NÚMERO DE CONTROL
campo de control Z_6207
003 - IDENTIFICADOR DEL NÚMERO DE CONTROL
campo de control CHAP
008 - DATOS DE LONGITUD FIJA--INFORMACIÓN GENERAL
campo de control de longitud fija 220113s1999 xx 000 0 und d
010 ## - NÚMERO DE CONTROL DE LA BIBLIOTECA DEL CONGRESO
Número de control de LC 169450
020 ## - NÚMERO INTERNACIONAL ESTÁNDAR DEL LIBRO
Número Internacional Estándar del Libro 968-800-468-5
040 ## - FUENTE DE LA CATALOGACIÓN
Centro/agencia transcriptor CHAP
082 ## - NÚMERO DE LA CLASIFICACIÓN DECIMAL DEWEY
Número de clasificación 636.213 M36
245 ## - MENCIÓN DE TÍTULO
Título Manejo de ganado bovino de doble propósito en el trópico /
Mención de responsabilidad, etc. Eduardo T. Koopel Rizo; Gilberto A. Ortíz Ortíz; Alfonso Avila Durán...[et. al.]
260 ## - PUBLICACIÓN, DISTRIBUCIÓN, ETC.
Lugar de publicación, distribución, etc. México :
Nombre del editor, distribuidor, etc. INIFAP :,
-- Centro de Investigación Regional Golfo Centro,
Fecha de publicación, distribución, etc. 1999
300 ## - DESCRIPCIÓN FÍSICA
Extensión 158 p.
440 ## - MENCIÓN DE SERIE/PUNTO DE ACCESO ADICIONAL--TÍTULO
Título Libro Técnico; no. 5: división pecuaria
9 (RLIN) 143128
500 ## - NOTA GENERAL
Nota general Campo experimental la Posta
503 ## - NOTA DE HISTORIA BIBLIOGRÁFICA (BK CF MU) [OBSOLETO]
Nota de historia bibliográfica ej.1:
504 ## - NOTA DE BIBLIOGRAFÍA, ETC.
Nota de bibliografía, etc. Bibliografía: p. 141- 147
650 ## - PUNTO DE ACCESO ADICIONAL DE MATERIA--TÉRMINO DE MATERIA
Término de materia o nombre geográfico como elemento de entrada cattle
9 (RLIN) 144141
650 ## - PUNTO DE ACCESO ADICIONAL DE MATERIA--TÉRMINO DE MATERIA
Término de materia o nombre geográfico como elemento de entrada dual
Subdivisión general purpose breeds
9 (RLIN) 144142
650 ## - PUNTO DE ACCESO ADICIONAL DE MATERIA--TÉRMINO DE MATERIA
Término de materia o nombre geográfico como elemento de entrada Ganado bovino
9 (RLIN) 138033
650 ## - PUNTO DE ACCESO ADICIONAL DE MATERIA--TÉRMINO DE MATERIA
Término de materia o nombre geográfico como elemento de entrada Ganado de doble propósito
9 (RLIN) 142213
700 ## - PUNTO DE ACCESO ADICIONAL--NOMBRE DE PERSONA
Nombre de persona Avila Durán, Alfonso, aut.
9 (RLIN) 143131
700 ## - PUNTO DE ACCESO ADICIONAL--NOMBRE DE PERSONA
Nombre de persona Ortíz Ortíz, Gilberto A., aut.
9 (RLIN) 143132
700 ## - PUNTO DE ACCESO ADICIONAL--NOMBRE DE PERSONA
Nombre de persona Koppel Rizo, Eduardo T., aut.
9 (RLIN) 143133
710 ## - PUNTO DE ACCESO ADICIONAL--NOMBRE DE ENTIDAD CORPORATIVA
Nombre de entidad corporativa o nombre de jurisdicción como elemento de entrada INIFAP V.Centro de Investigación Regional Golfo Centro
9 (RLIN) 144143
901 ## - ELEMENTOS DE DATOS A LOCAL LDA (RLIN)
a 636.213 M36
902 ## - ELEMENTOS DE DATOS B LOCAL, LDB (RLIN)
a M
910 ## - DATOS DE OPCIÓN DEL USUARIO (OCLC)
Datos de opción del usuario 1999
942 ## - ELEMENTOS DE PUNTO DE ACCESO ADICIONAL (KOHA)
Tipo de ítem Koha Libro_
942 ## - ELEMENTOS DE PUNTO DE ACCESO ADICIONAL (KOHA)
Tipo de ítem Koha
Holdings
Estado de retiro Estado de pérdida Fuente del sistema de clasificación o colocación Estado dañado No para préstamo Código de colección Localización permanente Ubicación/localización actual Ubicación en estantería Fecha de adquisición Código de barras Fecha visto por última vez Número de copia Precio válido a partir de Tipo de ítem Koha
    Dewey Decimal Classification     General Zootecnia Zootecnia   26/06/2012 z_4573 18/01/2022 1 18/01/2022 Libro